Score 0/40 Timer 05:00
1 Play Today
Historical Figure Word % Correct
Muhammad _____Ali
99.4%
John F. _____Kennedy
96.1%
Martin _____ King Jr.Luther
96.1%
Albert _____Einstein
95.4%
Queen _____ IElizabeth
94.5%
Isaac _____Newton
94.1%
Alexander _____ BellGraham
92.7%
Leonardo da _____Vinci
91.6%
Marco _____Polo
91.2%
Vincent _____ Goghvan
90.7%
Charles _____Dickens
89.6%
Attila the _____Hun
89.6%
Thomas _____Jefferson
89.3%
_____ BonaparteNapoleon
89.3%
Marie _____Curie
87.3%
_____ DiMaggioJoe
84.8%
George _____Orwell
84.7%
Gaius Julius _____ Caesar
83.4%
_____ FreudSigmund
82.9%
William _____Shakespeare
82.7%
Historical Figure Word % Correct
Florence _____Nightingale
81.3%
Kim Jong _____Il
80.8%
Queen _____Victoria
80.3%
Claude _____Monet
79.6%
_____ GandhiMohandas
76.1%
Bishop Desmond _____Tutu
72.2%
_____ GalileiGalileo
71.6%
Vladimir _____Lenin
67.9%
Otto von _____ Bismarck
63.5%
Mao _____Zedong
57.9%
Erwin _____Rommel
51.5%
Alexander _____Fleming
46.4%
John Maynard _____Keynes
45.4%
William Butler _____Yeats
44.9%
John _____Locke
36.9%
King _____ the GreatXerxes
36.2%
Jean-Jacques _____Rousseau
34.4%
James _____Watt
30.1%
Pope _____ IIUrban
27.2%
_____ Shi HuangQin
14%

Today's Daily Dose

Remove Ads.
Support Sporcle.
Get the best of Sporcle when you Go Orange. This ad-free experience offers more features, more stats, and more fun while also helping to support Sporcle. Thank you for becoming a member.

You're not logged in!

Compare scores with friends on all Sporcle quizzes.
OR
Log In

Show Comments

Extras

Top Quizzes Today


Score Distribution

Your Account Isn't Verified!

In order to create a playlist on Sporcle, you need to verify the email address you used during registration. Go to your Sporcle Settings to finish the process.

Report this User

Report this user for behavior that violates our Community Guidelines.

Details: